000 00806nam a2200193 a 4500
001 000048838
005 20240229073831.0
008 190416s2016 dr a 000 p spa d
020 _a9789945167597
040 _aDO-SdBNP
_bspa
_cBNPHU
082 _axxxx
_bH557a
100 1 _aHernández, Ángela,
_d1954-
_92564
245 1 0 _aAcústica del límite :
_bpoesía e imagen /
_cÁngela Hernández Núñez.
260 _aSanto Domingo :
_bEdiciones Alótropos,
_bBúho,
_c2016.
300 _a204 p. :
_bil. ;
_c23 cm.
500 _aIncluye datos biográficos de la autora en la solapa de la cubierta
505 0 _aCómo amanece --
_tRevuelta en cartesiana --
_tRelatos a una pared --
_tInsolación nocturna --
_tEl animal maestro de armonía --
_tLa llama de contorno inconsumible --
590 _aInventariado, 2019/LP
999 _c48326
_d48326